Öt év alatt ötmilliárd forint Szeged negyedik ötéves terve és a lakásrendelet a városi tanács előtt
Elmentve itt :
| Dokumentumtípus: | Cikk |
|---|---|
| Megjelent: |
1971-06-27
|
| Sorozat: | Délmagyarország
61 No. 150 |
| Kulcsszavak: | városi tanács, lakásügy |
| Online Access: | http://dmarchiv.bibl.u-szeged.hu/114052 |
| LEADER | 00501nab a2200145 i 4500 | ||
|---|---|---|---|
| 001 | delm114052 | ||
| 005 | 20190417141406.0 | ||
| 008 | 190417s1971 hu o 0|| hun d | ||
| 040 | |a SZTE Délmagyarország Archívum |b hun | ||
| 041 | |a hun | ||
| 245 | 0 | 0 | |a Öt év alatt ötmilliárd forint |h [elektronikus dokumentum] : |b Szeged negyedik ötéves terve és a lakásrendelet a városi tanács előtt |
| 260 | |c 1971-06-27 | ||
| 300 | |a 1, 3 | ||
| 490 | 0 | |a Délmagyarország |v 61 No. 150 | |
| 695 | |a városi tanács, lakásügy | ||